000 01029nam a2200277 i 4500
003 EG-GICUC
005 20260121101410.0
008 251201q1998 ua ||||fr|||| 000 0 ara d
040 _a EG-GICUC
_bara
_c EG-GICUC
_d EG-GICUC
_erda
041 _aara
082 0 4 _221
_a343.52
_bم ر . ج
092 0 4 _221
099 _aLaw1 10 343.52 م ر . ج1998
100 0 _aمرفت محمد البارودي
_eمؤلف.
245 1 2 _aالجريمة النووية الدولية /
_cمرفت محمد البارودي.
264 1 _aالقاهرة :
_bالمركز القومي للأمان النووي و الرقابة الإشعاعية-هيئة الطاقة الذرية،
_c1998.
300 _a97 صفحة ؛
_c24 سم.
336 _2rda content
_atext
337 _2rda media
_aComputer
338 _2rda carrier
_aOnline Resource
650 1 4 _aالجرائم الدولية
_2qrmak
651 1 _2qrmak
856 4 0 _uhttps://fll.law.cu.edu.eg/fulltext/bks/B10-02089.pdf
905 _a5
_eHassnaa
942 _2ddc
_cBK
_e21
_n0
999 _c47606
_d47606